000 01213cam a22002894a 4500
999 _c1251
_d1251
001 14895073
003 GZU
005 20201001100151.0
008 070618r2006 enka bf 001 0 eng
010 _a 2007276595
020 _a0335213030 (pbk.)
020 _a9780335241385
040 _aDLC
_cDLC
_dDLC
050 0 0 _aH61
_b.DEN 2010
100 1 _aDenscombe, Martyn.
_eauthor
245 1 4 _aThe good research guide :
_bfor small-scale social research projects /
_cMartyn Denscombe.
250 _a4th ed.
260 _aMaidenhead, Berkshire, England ;
_aNew York :
_bOpen University Press,
_cc2010
_g(2006 printing)
300 _axii, 373p. :
_bill. ;
_c23 cm.
504 _aIncludes bibliographical references and index.
650 0 _aSocial sciences
_xMethodology
_xHandbooks, manuals, etc.
856 4 2 _3Contributor biographical information
_uhttp://www.loc.gov/catdir/enhancements/fy0737/2007276595-b.html
856 4 2 _3Publisher description
_uhttp://www.loc.gov/catdir/enhancements/fy0737/2007276595-d.html
856 4 1 _3Table of contents only
_uhttp://www.loc.gov/catdir/enhancements/fy0737/2007276595-t.html
906 _a7
_bcbc
_corigcop
_d2
_encip
_f20
_gy-gencatlg
942 _2lcc
_cBK
_e4th ed.
_h61
_iDEN
_kH